000 02163nam a2200565 i 4500
001 44332
003 KOSZ 005
005 20230321134019.0
008 230316s1997 pl a f 000 0 pol
015 _aUWD 1997/6055
020 _a8320420385
035 _a991005307149705066
035 _a(PL-WaBN)b11388973-48omnis_nlop
035 _ab11388973
035 _a(OCoLC)830132555
035 _a(PL)b0000001138897
035 _a(EXLNZ-48OMNIS_NETWORK)9910355349005606
040 _aWA N
_cWA N
_dKOSZ 005/RW
046 _k1997
080 _a621.38
080 _a(075.8)
080 _a(076)
245 0 0 _aPrzykłady analizy nieliniowych układów elektronicznych.
_nCz. 1,
_pNieliniowe układy operacyjne i generatory drgań sinusoidalnych : praca zbiorowa /
_cpod redakcją Mirona Niedźwieckiego ; [autorzy Marek Jeżewski et al.].
250 _aWydanie I.
260 _aWarszawa :
_bWydawnictwa Naukowo-Techniczne,
_c1997.
300 _a241, [1] stron :
_brysunki, wykresy ;
_c24 cm.
336 _aTekst
_btxt
_2rdacontent
337 _aBez urządzenia pośredniczącego
_bn
_2rdamedia
338 _aWolumin
_bnc
_2rdacarrier
380 _aKsiążki
380 _aPublikacje dydaktyczne
385 _mPoziom nauczania
_aSzkoły wyższe
388 1 _a1901-2000
388 1 _a1989-2000
504 _aBibliografia na stronie [242].
521 8 _aKsiążka jest przeznaczona dla studentów kierunków elektroniki i telekomunikacji wyższych szkół technicznych.
650 7 _aUkład elektroniczny
_2DBN
655 7 _aĆwiczenia i zadania dla szkół wyższych
_2DBN
655 7 _aPraca zbiorowa
658 _aInżynieria i technika
700 1 _aJeżewski, Marek
_eAutor
700 1 _aLeśnicki, Andrzej
_eAutor
700 1 _aNiedźwiecki, Miron
_eAutor
_eRedakcja
700 1 _aRasiukiewicz, Mieczysław
_eAutor
700 1 _aSzkudliński, Witold
_eAutor
710 2 _aWydawnictwa Naukowo-Techniczne
_4pbl
856 _uhttp://koha.tu.koszalin.pl/cgi-bin/koha/opac-detail.pl?biblionumber=44332
_yKatalog online BPK
942 _2UKD
_cKS
999 _c44332
_d44332